000 00575nam a2200169Ia 4500
003 GCL
008 140319s9999 xx 000 0 ara d
040 _aGCL /
_cGCL
082 0 4 _a219.1
_bز ح
100 1 _aزهير محمد الزميلى
245 1 0 _aحقيقة العلاقة بين الرجل والمرأة /
_cزهير محمد الزميلى
260 _aالقاهرة :
_bدار الاسراء للنشر والتوزيع ،
_c1991
300 _a160 ص ؛
_c24 سم
650 0 4 _aالمرأة
650 0 4 _aالمرأة فى الاسلام
942 _2ddc
_cBK
999 _c54112
_d54112